| 000 | 00565nam a2200169 i 4500 | ||
|---|---|---|---|
| 001 | 74649 | ||
| 003 | ES-MaACL | ||
| 005 | 20230906172213.0 | ||
| 007 | t| | ||
| 008 | 040920s1923 sp ||||1| spa d | ||
| 100 | 1 |
_aGonzález-Ruano, César, _d1903-1965 _958936 |
|
| 245 | 1 | 0 |
_aAzorín, Baroja, nuevas estéticas _b: anotaciones sentimentales, caprichos y horizontes de pirueta : ensayos / _cpor César González-Ruano. |
| 260 |
_aMadrid : _b[s.n., _c1923] ( _fArizón) |
||
| 300 |
_a187 p. ; _c19 cm. |
||
| 852 |
_aES-MaACL _jG-4576 |
||
| 999 |
_c74649 _d74649 |
||